000 01645nam0a2200349 4500
001 RU\NLR\BIBL_A\011912128
005 20260405085550.0
010 _a978-5-8114-1960-9
_bЛань
010 _a978-5-91938-220-1
_bПланета музыки
_9150
035 _a(NLR Aleph) 011912128
090 _a10942685
_c10942685
100 _a20190117d2018 |||y0rusy50 ca
101 0 _arus
_deng
102 _aRU
105 _aac j 000zy
200 1 _aМастерство хореографа в современном танце
_eучебное пособие
_fВ. Ю. Никитин
205 _aИзд. 4-е, стер.
210 _aСанкт-Петербург [и др.]
_cЛань
_cПланета музыки
_d2018
215 _a517, [1] с.
_cил., портр., табл.
_d24
225 1 _aУчебники для вузов
_iСпециальная литература
300 _aРез. англ.
320 _aБиблиогр.: с. 514-518 и в подстроч. примеч.
333 _a12+
606 1 _aТанец
_jУчебники для высших учебных заведений
_z20 в.
_91209374
_3RU\NLR\auth\66172224
606 1 _aБалетмейстерское искусство
_jУчебники для высших учебных заведений
_91077524
_3RU\NLR\auth\66101916
686 1 _aЩ323(0)6я73
686 1 _aЩ335.420.75я73
700 1 _8rus
_7ca
_aНикитин
_bВ.Ю.
_cканд. искусствоведения
_gВадим Юрьевич
_3RU\NLR\AUTH\7731503
_914513
942 _cBOOK
980 _aNB